Nommez ces personnes célèbres - Quiz d'images #2 - Statistiques

Statistiques générales
  • Ce quiz a été pris 593 fois
  • Le résultat moyen est 6 sur 15
Statistiques - réponses
Par images Hint Réponse % Correct
Afrique du Sud Nelson Mandela
96%
France Vanessa Paradis
89%
Brésil Ronaldinho
74%
Corée du Sud PSY
57%
Italie Silvio Berlusconi
55%
Autriche Arnold Schwarzenegger
50%
Royaume-Uni Theresa May
50%
Espagne Antonio Banderas
45%
Islande Björk
38%
Colombie Sophia Vergara
25%
Suède Dolph Lundgren
18%
Chili Michelle Bachelet
12%
Irlande Saoirse Ronan
12%
Zimbabwe Robert Mugabe
11%
Canada Shania Twain
6%
Aucun quiz correspondant
Distribution des résultats
% des personnes avec chaque résultat
Percentile par nombre de réponses
Votre historique - résultats
Vous n’avez pas pris ce quiz